| 000 | 00622nam a2200205 i 4500 | ||
|---|---|---|---|
| 001 | 120749 | ||
| 003 | ES-MaACL | ||
| 005 | 20240116184030.0 | ||
| 007 | t| | ||
| 008 | 070214s1967 sp r ||||1| spa d | ||
| 100 | 1 |
_aPrados Arrarte, Jesús. _993635 |
|
| 245 | 1 | 0 |
_aJovellanos, economista / _cJesús Prado Arrarte. |
| 260 |
_aMadrid : _bTaurus, _c1967. |
||
| 300 |
_a139 p. ; _c18 cm. |
||
| 490 | 1 |
_aCuadernos Taurus ; _v75 |
|
| 600 | 1 | 0 |
_aJovellanos, Gaspar Melchor de, _d1744-1811 _9222580 |
| 830 | 0 |
_aCuadernos Taurus ; _v75 _9180748 |
|
| 852 |
_aES-MaACL _jC-32512 _bR.63148 |
||
| 999 |
_c120749 _d120749 |
||